| 000 | 00734nam a22001577a 4500 | ||
|---|---|---|---|
| 003 | OSt | ||
| 005 | 20161123134001.0 | ||
| 008 | 161123b xxu||||| |||| 00| 0 eng d | ||
| 040 | _cRUA | ||
| 082 | _aVEM MON 2015 B533 Or.1 | ||
| 100 |
_911311 _aMON RAKSME; ម៉ុន រស្មី |
||
| 245 | _aStudy on gastrointestinal parasites in cattle at kring chek commune, oudong district, kampong speu province; ការសិក្សាពីបរាសិតនៅក្នុងក្រពះពោះវៀនគោ នៅឃុំក្រាំងចេក ស្រុកឧដុង្គ ខេត្តកំពង់ស្ពឺ | ||
| 260 |
_aPHNOM PENH _bMON _c2015 |
||
| 300 |
_aix;44p. _bill. _c29cm. |
||
| 942 |
_2ddc _cVEM |
||
| 999 |
_c10875 _d10875 |
||